The Iliad (Record no. 10203)

MARC details
000 -LEADER
fixed length control field 00483cam a2200193ua 4500
001 - CONTROL NUMBER
control field 11371
005 - DATE AND TIME OF LATEST TRANSACTION
control field 20260515114738.0
008 - FIXED-LENGTH DATA ELEMENTS--GENERAL INFORMATION
fixed length control field 190916n ii |||gr||||Z||||||eng
020 ## - INTERNATIONAL STANDARD BOOK NUMBER
International Standard Book Number 9788174763068
040 ## - CATALOGING SOURCE
Transcribing agency MAIN
082 ## - DEWEY DECIMAL CLASSIFICATION NUMBER
Classification number 883.01
100 ## - MAIN ENTRY--PERSONAL NAME
Personal name Homer,
Relator term Author.
245 ## - TITLE STATEMENT
Title The Iliad
Statement of responsibility, etc. By Homer
260 ## - PUBLICATION, DISTRIBUTION, ETC.
Place of publication, distribution, etc. Ne Delhi:
Name of publisher, distributor, etc. UBS Publishers Distributors,
Date of publication, distribution, etc. 2012.
300 ## - PHYSICAL DESCRIPTION
Extent 424p.
653 ## - INDEX TERM--UNCONTROLLED
Uncontrolled term Classical Greek epic poetry & fiction
653 ## - INDEX TERM--UNCONTROLLED
Uncontrolled term Greek Tragedy
942 ## - ADDED ENTRY ELEMENTS (KOHA)
Koha item type Books
Holdings
Withdrawn status Lost status Damaged status Not for loan Home library Current library Shelving location Date acquired Total checkouts Full call number Barcode Date last seen Date last checked out Copy number Price effective from Koha item type
        Naharkatiya College Library Naharkatiya College Library General stacks 09/19/2020 2 883.01English Literature | HOM 27621 11/05/2022 10/20/2022 1 09/19/2020 Books
        Naharkatiya College Library Naharkatiya College Library General stacks 09/19/2020 5 883.01English Literature | HOM 27622 12/10/2022 10/31/2022 2 09/19/2020 Books
        Naharkatiya College Library Naharkatiya College Library General stacks 09/19/2020 3 883.01English Literature | HOM 27623 11/11/2022 10/20/2022 3 09/19/2020 Books
        Naharkatiya College Library Naharkatiya College Library General stacks 09/19/2020 2 883.01English Literature | HOM 27624 05/06/2023 03/01/2021 4 09/19/2020 Books